000 00530nam a2200121Ia 4500
008 220615s9999||||xx |||||||||||||| ||und||
100 _aLauterer, Jock
245 0 _aHogwild
_bA Back-to-the-Land Saga
546 _aEnglish[eng]
650 _aSocial Science||Sociology
856 _uhttps://library.oapen.org/bitstream/20.500.12657/47645/1/external_content.pdf||https://library.oapen.org/bitstream/20.500.12657/47645/1/external_content.pdf||https://library.oapen.org/bitstream/20.500.12657/47645/1/external_content.pdf
942 _cEB
999 _c17682
_d17682